THE ROLE OF ECONOMIC COOPERATION ORGANIZATION ON ILLEGAL DRUG TRAFFICKING ACTIVITIES : (Record no. 4900)
[ view plain ]
| 000 -LEADER | |
|---|---|
| fixed length control field | 00932 a2200253 4500 |
| 005 - DATE AND TIME OF LATEST TRANSACTION | |
| control field | 20211101093152.0 |
| 008 - FIXED-LENGTH DATA ELEMENTS--GENERAL INFORMATION | |
| fixed length control field | 211101b2019 my ||||| |||| 00| 0 eng d |
| 020 ## - INTERNATIONAL STANDARD BOOK NUMBER | |
| International Standard Book Number | 9789674126827 |
| Terms of availability | 1 |
| Linkage | RM 24 |
| 040 ## - CATALOGING SOURCE | |
| Original cataloging agency | AKMAL |
| 082 04 - DEWEY DECIMAL CLASSIFICATION NUMBER | |
| Classification number | 363.45 MNS |
| 090 00 - LOCALLY ASSIGNED LC-TYPE CALL NUMBER (OCLC); LOCAL CALL NUMBER (RLIN) | |
| Classification number (OCLC) (R) ; Classification number, CALL (RLIN) (NR) | 363.45 |
| Local cutter number (OCLC) ; Book number/undivided call number, CALL (RLIN) | MNS |
| 100 0# - MAIN ENTRY--PERSONAL NAME | |
| Personal name | Mohammad Naji Shah Mohammadi |
| 9 (RLIN) | 9281 |
| 245 14 - TITLE STATEMENT | |
| Title | THE ROLE OF ECONOMIC COOPERATION ORGANIZATION ON ILLEGAL DRUG TRAFFICKING ACTIVITIES : |
| Remainder of title | Legal and Social Challenges |
| Statement of responsibility, etc. | Mohammad Naji Shah Mohammadi, Salawati Mat Basir |
| 264 #1 - PRODUCTION, PUBLICATION, DISTRIBUTION, MANUFACTURE, AND COPYRIGHT NOTICE | |
| Place of production, publication, distribution, manufacture | Bangi, Selangor : |
| Name of producer, publisher, distributor, manufacturer | Penerbit Universiti Kebangsaan Malaysia, |
| Date of production, publication, distribution, manufacture, or copyright notice | 2019 |
| 300 ## - PHYSICAL DESCRIPTION | |
| Extent | 211 pages |
| Other physical details | illustrations, maps |
| Dimensions | 23cm |
| 500 ## - GENERAL NOTE | |
| General note | Includes index |
| 504 ## - BIBLIOGRAPHY, ETC. NOTE | |
| Bibliography, etc. note | Bibliography: pages 181-206 |
| 599 ## - LOCAL NOTE | |
| Local Note | DALAM PROSES |
| 650 10 - SUBJECT ADDED ENTRY--TOPICAL TERM | |
| Topical term or geographic name entry element | Drug traffic |
| 9 (RLIN) | 9282 |
| 650 20 - SUBJECT ADDED ENTRY--TOPICAL TERM | |
| Topical term or geographic name entry element | Drugs |
| 9 (RLIN) | 9283 |
| 650 20 - SUBJECT ADDED ENTRY--TOPICAL TERM | |
| Topical term or geographic name entry element | Government publications |
| Geographic subdivision | Malaysia |
| 9 (RLIN) | 9284 |
| 700 0# - ADDED ENTRY--PERSONAL NAME | |
| Personal name | Salawati Mat Basir |
| Relator term | author. |
| 9 (RLIN) | 9285 |
| 942 ## - ADDED ENTRY ELEMENTS (KOHA) | |
| Source of classification or shelving scheme | |
| Koha item type | Book |
| Withdrawn status | Lost status | Source of classification or shelving scheme | Damaged status | Not for loan | Collection code | Home library | Current library | Shelving location | Date acquired | Inventory number | Total Checkouts | Full call number | Barcode | Date last seen | Price effective from | Koha item type |
|---|---|---|---|---|---|---|---|---|---|---|---|---|---|---|---|---|
| NON-FICTION | AKMAL Melaka | AKMAL Melaka | PINJAMAN | 01.11.2021 | 011423 | 363.45 MNS | 201708025 | 01.11.2021 | 01.11.2021 | Book |
